Statistics for Washington DC - A to Z

Click here to take the quiz!

General Stats

  • This quiz has been taken 74 times
  • The average score is 17 of 26

Answer Stats

hintanswer% Correct
DBusiest airportDulles
97%
ANational cemeteryArlington
96%
PThis river flows through itPotomac
96%
FTheater where Lincoln was killedFord's
93%
CWhere congress meetsCapitol
91%
LMemorial opposite WLincoln
88%
VThis state donated land to DC - then got it back in 1847Virginia
88%
GHistoric riverside district, and universityGeorgetown
87%
SMuseum of Natural HistorySmithsonian
87%
WMemorial opposite LWashington
81%
ZNumber of senators DC elects to the senate, which meets in DCzero
81%
JMemorial modelled after Rome's PantheonJefferson
75%
ILargest Catholic church in North America: Basilica of the National Shrine of the _____ ConceptionImmaculate
70%
MStyle of art you'll see at The Phillips Collectionmodern
63%
QEast-end downtown neighborhood: Penn ______Quarter
60%
YHuntington to Fort Totten metro lineyellow
58%
HThis museum is only closed each Christmas and Yom KippurHolocaust
55%
TThis Madame's museum has 6 US branches, including hereTussaud
55%
NParkland between C and W{National} {Mall}
43%
RLargest park, over 2000 acres{Rock} {Creek}
43%
UDistrict with jazz clubs that hosts the Funk Parade{U} {Street}
39%
BMajor naval hospital that has treated many presidentsBethesda
37%
E176 of these, as you'd expect a capital city to haveembassies
31%
O_______ of American States is headquartered hereOrganisation
30%
XTian Tian and Mei _____, the zoo's pandasXiang
18%
KDC team that won World Team Tennis* every year from 2011-2015Kastles
7%

Score Distribution

Percentile by Number Answered

Percent of People with Each Score

Your Score History

You have not taken this quiz